| 000 | 00607nam a2200217 a 4500 | ||
|---|---|---|---|
| 001 | 3070 | ||
| 003 | CDMR | ||
| 005 | 20151026134202.0 | ||
| 008 | 130130s1977||||||||||||||||||||||||||||d | ||
| 020 | _a8428308772 | ||
| 040 |
_aCDMR _bcat _cCDMR |
||
| 100 | 1 |
_aCalvo Hernando, Manuel _9316 |
|
| 245 | 1 | 0 |
_aPeriodismo científico _cManuel Calvo Hernando |
| 260 |
_aMadrid _c1977 _bParaninfo |
||
| 300 | _a330 p. | ||
| 650 | 0 | 4 |
_92804 _aPeriodisme científic |
| 650 | 0 | 4 |
_94193 _aGèneres periodístics |
| 650 | 0 | 4 |
_94259 _aDivulgació científica |
| 650 | 0 | 4 |
_93772 _aPeriodisme--Manuals d'estil |
| 942 |
_cMON _2udc |
||
| 999 |
_c3070 _d3070 |
||